مكتبة جامعة عجلون الوطنية

فهرس بحث المكتبة

Normal view MARC view
  • The practice of construcation management

Entry Topical Term

Number of records used in: 1

001 - CONTROL NUMBER

  • control field: 4986

003 - CONTROL NUMBER IDENTIFIER

  • control field: JO-AjAnu

005 - DATE AND TIME OF LATEST TRANSACTION

  • control field: 20230606071118.0

008 - FIXED-LENGTH DATA ELEMENTS

  • fixed length control field: 230606|| aca||aabn | a|a d

040 ## - CATALOGING SOURCE

  • Original cataloging agency: JO-AjAnu
  • Transcribing agency: JO-AjAnu

150 ## - HEADING--TOPICAL TERM

  • Topical term or geographic name entry element: The practice of construcation management

670 ## - SOURCE DATA FOUND

  • Source citation: Work cat.: (JO-AjAnu)2576: Fryer , Barry , author 4985, The practice of construcation management